Countries voting against UN Syria inspection - Statistics

General Stats
  • This quiz has been taken 49 times
  • The average score is 11 of 17
Answer Stats
Hint Answer % Correct
7 Iran
93%
14 Russia
90%
4 China
83%
13 North Korea
83%
5 Cuba
76%
1 Belarus
69%
16 Venezuela
69%
15 Syria
66%
8 Kazakhstan
62%
12 Nicaragua
62%
6 Eritrea
55%
11 Myanmar
55%
9 Kyrgyzstan
52%
10 Laos
52%
17 Zimbabwe
48%
2 Bolivia
45%
3 Burundi
38%
No matching quizzes found
Score Distribution
Percent of People with Each Score
Percentile by Number Answered
Your Score History
You have not taken this quiz